00785nas a2200229Ia 4500001001100000003000900011008004100020040001300061040001300074041001200087100004600099210001700145222001700162240006400179245007900243250001100322260004600333501008600379300001900465362003500484650003600519R020/B1009IT-RoPAU151124c99999999xx |||||||||||| ||und|| aIT-RoPAU cIT-RoPAU aINGLESE aCodelli LorenzogCodice Aut. SPICS: 20375 aGRIFFITHIANA aGriffithiana aCANNES '90: SCORSESE E VIGOgCodice Tit. Orig. Spics: B1014 aGRIFFITHIANA, ANNO 12-N.37 (DICEMBRE 1989)bCannes 1990: Scorsese And Vigo a1a ed. aGEMONA (UDINE)bCINETECA DEL FRIULIc1989 bPaulus - SPICS - Società San Paolo EM (non-commercial uses only)cCopyright2015 a2 p. [107-108] aANNO 012, N.37 (DICEMBRE 1989) aCINEMAvPUBBLICAZIONE PERIODICA